Corporate communication a guide to theory & practice

Guardat en:
Dades bibliogràfiques
Autor principal: CORNELISSEN, Joep.
Format: Llibre
Idioma:anglès
Publicat: Sage, 2017
Etiquetes: Afegir etiqueta
Sense etiquetes, Sigues el primer a etiquetar aquest registre!

MARC

LEADER 00000nam a22000007a 4500
008 210531b ||||| |||| 00| 0 eng d
020 |a  978-1-4739-5370-3 
100 |a CORNELISSEN, Joep.. 
245 |a Corporate communication  |b  a guide to theory & practice  |c Joep Cornelissen  |g xxvi, 306p.; ill. 
250 |b 5th ed.  
260 |b  Sage,   |c 2017  |h Los Angeles  |i 693411   |i  693412  |l HD30.3. .C81  |m Communication in management.   |m Business communication. 
500 |a “It includes references and index.” 
942 |a lcc  |c BK  |e Adekanye, I. H.  |f 31/05/2021 
952 |0 0  |1 0  |2 lcc  |4 0  |7 0  |9 2536  |a HOL  |b MPL  |c GJ  |d 2021-05-31  |l 0  |o HD30.3. .C81  |p 2021-6388  |r 2021-05-31 00:00:00  |w 2021-05-31  |y BK 
952 |0 0  |1 0  |2 lcc  |4 0  |7 0  |9 2537  |a HOL  |b HOL  |c GJ  |d 2021-05-31  |l 0  |o HD30.3. .C81  |p 2021-6389  |r 2021-05-31 00:00:00  |w 2021-05-31  |y BK 
999 |c 1319  |d 1319